Catálogo

Vista normal Vista MARC

Entrada Personal Name

Número de registros utilizados en: 1

001 - CONTROL NUMBER

  • control field: 10661

003 - CONTROL NUMBER IDENTIFIER

  • control field: DLC

005 - DATE AND TIME OF LATEST TRANSACTION

  • control field: 20220620084943.0

008 - FIXED-LENGTH DATA ELEMENTS

  • fixed length control field: 170424n| azannaabn |a aaa c

010 ## - LIBRARY OF CONGRESS CONTROL NUMBER

  • LC control number: no2017051708

035 ## - SYSTEM CONTROL NUMBER

  • System control number: (OCoLC)oca10777759

040 ## - CATALOGING SOURCE

  • Original cataloging agency: ICrlF
  • Language of cataloging: spa
  • Description conventions: rda
  • Transcribing agency: Mx-PuUPA
  • Modifying agency: Mx-PuUPA

046 ## - SPECIAL CODED DATES

  • Birth date: 1976

100 1# - HEADING--PERSONAL NAME

  • Personal name: León Calixto, Quetzatl,
  • Dates associated with a name: 1976-

370 ## - ASSOCIATED PLACE

  • Associated country: México
  • Source of term: naf

372 ## - FIELD OF ACTIVITY

  • Field of activity: Literatura infantil
  • Field of activity: Ilustración de libros
  • Field of activity: Fotografía
  • Source of term: lcsh

374 ## - OCCUPATION

  • Occupation: Autor
  • Occupation: Ilustrador
  • Occupation: Fotográfo
  • Source of term: lcsh

375 ## - GENDER

  • Gender: hombre
  • Source of term: lcsh

377 ## - ASSOCIATED LANGUAGE

  • Language code: spa

400 1# - SEE FROM TRACING--PERSONAL NAME

  • Personal name: Calixto, Quetzatl León
  • Dates associated with a name: 1976-

670 ## - SOURCE DATA FOUND

  • Source citation: León Calixto, Quetzatl. Las Gallinas no veulan, 2016:
  • Information found: title page (Quetzatl León Calixto) author bio. back cover (born in México in 1976, is an ilustrator, designer and photographer)

670 ## - SOURCE DATA FOUND

  • Source citation: Biblioteca del congreso (Estados Unidos), 02 marzo 2020:
  • Information found: Catálogo electrónico
  • Uniform Resource Identifier: http://bit.ly/2vwr9V5